000 00412nam a2200181Ia 4500
001 23861
005 20260415140527.0
008 260414t2016||||xx |||||||||||||| ||spa||
041 _aESP
082 _a720.1
_bZ93
100 _aZumthor, Peter
_eAUT
245 0 _aPensar la arquitectura
260 _c2016
300 _a111 páginas :
_c24 cm.
650 _aABD
654 _aCAU
942 _cLIB
_dJUS
_fJUS
_2ddc
999 _c23861
_d23861